| 000 | 01298nam a2200325 i 4500 | ||
|---|---|---|---|
| 003 | EG-GICUC | ||
| 005 | 20260121101446.0 | ||
| 008 | 251210s1991 ua ||||fr|||| 00| 0 ara d | ||
| 017 | _a91/55839 | ||
| 020 | _a977-00-1867-8 | ||
| 040 |
_a EG-GICUC _bara _c EG-GICUC _d EG-GICUC _erda |
||
| 041 | _aara | ||
| 082 | 0 | 4 |
_221 _a341.851 _bع ص . ن |
| 092 | 0 | 4 | _221 |
| 099 | _aLaw1 12 341.851 ع ص . ن 1991 | ||
| 100 | 0 |
_aعصام الدين القصبي _eمؤلف. |
|
| 245 | 1 | 2 |
_aالنفاذ الدولي لأحكام التحكيم : _bدراسة تحليلية لقواعد القانون الدولي الاتفاقي والقانون المقارن / _cعصام الدين القصبي. |
| 264 | 1 |
_aالقاهرة : _bدار النهضة العربية, _c1991. |
|
| 300 |
_a154 صفحة ؛ _c24 سم |
||
| 336 |
_2rda content _atext |
||
| 337 |
_2rda media _aComputer |
||
| 338 |
_2rda carrier _aOnline Resource |
||
| 500 | _aيشتمل على ملاحق. | ||
| 546 | _aالنص أغلبه باللغة العربية بعض النصوص الإنجليزية والفرنسية | ||
| 650 | 1 | 4 |
_aالتحكيم - قانون دولي _2qrmak |
| 651 | 1 | _2qrmak | |
| 856 | 4 | 0 | _uhttps://fll.law.cu.edu.eg/fulltext/bks/B12-01044.pdf |
| 905 |
_a79 _eHassnaa |
||
| 942 |
_2ddc _cBK _e21 _n0 |
||
| 999 |
_c49465 _d49465 |
||